Reconnais-tu ces personnages de Gossip Girl ? - Statistiques

Statistiques générales
  • Ce quiz a été pris 995 fois
  • Le résultat moyen est 28 sur 64
Statistiques - réponses
Par images Réponse % Correct
Blair
99%
Chuck
99%
Serena
99%
Dan
97%
Lily
97%
Nate
97%
Vanessa
97%
Jenny
95%
Eric
92%
Bart
91%
Rufus
88%
Eleanor
84%
Carter
81%
Georgina
81%
Dorota
74%
Jack
74%
Nelly
67%
Louis
62%
Ivy
59%
William
56%
Juliet
55%
Penelope
53%
Cyrus
52%
Damien
48%
Henry
48%
Lola
44%
Eva
40%
Poppy
39%
Scott
38%
Aaron
37%
Cece
37%
Ben
35%
Harold
35%
Jonathan
35%
Carol
34%
Olivia
34%
Alison
33%
Diana
33%
Raina
27%
William
25%
Anne
22%
Sage
21%
Agnès
20%
Roman
20%
Bree
18%
Catherine
18%
Maureen
18%
Tripp
18%
Béatrice
17%
Howard
17%
Russell
17%
Colin
16%
Isabel
16%
Gabriel
15%
Marcus
15%
Eliott
14%
Rachell
14%
Sophie
14%
Hazel
11%
Steven
11%
Kati
9%
Gabriella
8%
Laurel
8%
Philippe
6%
Aucun quiz correspondant
Distribution des résultats
% des personnes avec chaque résultat
Percentile par nombre de réponses
Votre historique - résultats
Vous n’avez pas pris ce quiz